Statistics for Gary Oldman Filmography

Click here to take the quiz!

General Stats

  • This quiz has been taken 248 times
    (21 since last reset)
  • The average score is 19 of 146

Answer Stats

TypeYearName% Correct
Film2017Darkest Hour
70%
Film2004Harry Potter and the Prisoner of Azkaban
70%
Film1994Léon: The Professional
70%
Film2005Batman Begins
65%
Film2005Harry Potter and the Goblet of Fire
65%
Film2007Harry Potter and the Order of the Phoenix
65%
Film2008The Dark Knight
65%
Film2012The Dark Knight Rises
65%
Video Game1998The Fifth Element
55%
Film1997The Fifth Element
55%
Pinball Machine1993Bram Stoker's Dracula
50%
Film1992Bram Stoker's Dracula
50%
Film2020Mank
50%
Film2023Oppenheimer
50%
Film2011Tinker Tailor Soldier Spy
40%
TV Show2001F•R•I•E•N•D•S
35%
Film2001Hannibal
35%
Film1993True Romance
35%
Film1986Sid and Nancy
30%
Film2017The Hitman's Bodyguard
30%
Film2014Dawn of the Planet of the Apes
20%
Film2010The Book of Eli
20%
Film1997Air Force One
15%
Film1991JFK
15%
Film2011Kung Fu Panda 2
15%
Film1987Prick Up Your Ears
15%
Film2011Red Riding Hood
15%
Film2014RoboCop
15%
Web Series2022-PresentSlow Horses
15%
Film2009A Christmas Carol
10%
Video Game2010Call of Duty: Black Ops
10%
Video Game2008Call of Duty: World at War
10%
Film1989Chattahoochee
10%
Film2015Child 44
10%
Film2016Criminal
10%
Film1989Criminal Law
10%
Film2012Guns, Girls and Gambling
10%
Web Special2022Harry Potter 20th Anniversary: Return to Hogwarts
10%
Film2011Harry Potter and the Deathly Hollows - Part 2
10%
Film1990Henry & June
10%
TV Mini-Series1999Jesus
10%
Film2012Lawless
10%
Video Game2015Lego Dimensions
10%
TV Film1983Meantime
10%
Film1995Murder in the First
10%
Film2009Planet 51
10%
Film1998Quest for Camelot
10%
Film1982Remembrance
10%
Theater1979Romeo and Juliet
10%
Film1993Romeo Is Bleeding
10%
Film1990State of Grace
10%
Film2019The Courier
10%
Film2019The Laundromat
10%
Video Game2006The Legend of Spyro: A New Beginning
10%
Video Game2008The Legend of Spyro: Dawn of the Dragon
10%
Video Game2007The Legend of Spyro: The Eternal Night
10%
TV Mini-Series2007The Legend of Spyro: The Eternal Night
10%
Film1988Track 29
10%
Film1988We Think the World of You
10%
Film2020A Place Among the Dead
5%
Film1996Basquiat
5%
Short Film2010Behind the Carol: The
Full Motion-Capture Experience
5%
Theater1979Cabaret
5%
Theater1985Cain and Abel
5%
Documentary2010Countdown to Zero
5%
Film2021Crisis
5%
Film2005Dead Fish
5%
Theater1980-1981Desperado Corner
5%
Short Film2009Do Not Go See the Perfect Sleep
5%
TV Show1984Dramarama
5%
Theater1981, 1983Entertaining Mr Sloane
5%
TV Show1993Fallen Angels
5%
DirectorTBAFlying Horse
5%
Documentary Series1993Frontline
5%
TV Mini-Series2008Gotham Tonight
5%
Theater1984-1986Great Peace
5%
TV Show2002Greg the Bunny
5%
TV Film1991Heading Home
5%
Film2021Hitman's Wife's Bodyguard
5%
Film1985Honest, Decent & True
5%
Film2018Hunter Killer
5%
Film1994Immortal Beloved
5%
Film2002Interstate 60: Episodes of the Road
5%
Film2019Killers Anonymous
5%
TV Show1989Knots Landing
5%
Short Film2013La Petite Mort
5%
Film1998Lost in Space
5%
Music Video1986Love Kills
5%
Film2015Man Down
5%
Film2019Mary
5%
Video Game2002Medal of Honor: Allied Assault
5%
TV Show1984Morgan's Boy
5%
Director1997Nil by Mouth
5%
Film2001Nobody's Baby
5%
Documentary2010One Night in Turin
5%
Film2013Paranoia
5%
FilmTBAParthenope
5%
Theater1979Privates on Parade
5%
Film2009Rain Fall
5%
TV Film1987Rat in the Skull
5%
Theater1984Rat in the Skull
5%
Theater1983Saved
5%
TV Show1986, 1989, 1991Screen Two
5%
Theater1987Serious Money
5%
Film2003Sin
5%
Music Video1994Since I Don't Have You
5%
Video GameTBASquadron 42
5%
Video GameTBAStar Citizen
5%
TV Show1985Summer Season
5%
Theater1982Summit Conference
5%
Film2018Tau
5%
Theater1979Thark
5%
Film2006The Backwoods
5%
Film2000The Contender
5%
Theater1987The Country Wife
5%
Theater1984-1986The Danton Affair
5%
Theater1984The Desert Air
5%
TV Film1989The Firm
5%
Short Film2002The Hire: Beat the Devil
5%
Theater1984The Pope's Wedding
5%
Film1995The Scarlet Letter
5%
Film2017The Space Between Us
5%
Theater1984-1986The Tin Can People
5%
Film2009The Unborn
5%
Theater1985The War Plays
5%
Film2021The Woman in the Window
5%
Film2003Tiptoes
5%
TV Show1999Tracey Takes On...
5%
Video Game2003True Crime: Streets of L.A.
5%
Short Film2004Who's Kyle?
5%
Theater1986Women Beware Women
5%
Theater1980-1981A Waste of Time
0%
Theater1980Chinchilla
0%
Theater1979Dick Whittington and His Cat
0%
Documentary2021Exposing Muybridge
0%
TV Documentary2001Great Books: Poe's Tales of Terror
0%
Commercial2014HTC One
0%
Commercial2008ITV Football
0%
Film2000Monsignor Renard
0%
Commercial2006Nokia N93
0%
Commercial2001One 2 One
0%
Theater1986Real Dreams
0%
Theater1984-1986Red Black and Ignorant
0%
Film1990Rosencrantz & Guidenstern Are Dead
0%
Theater1981The Massacre at Paris
0%
Short Film2011Touch of Evil
0%

Score Distribution

Percentile by Number Answered

Percent of People with Each Score

Your Score History

You have not taken this quiz since the last reset